000 00266nam a2200109Ia 4500
005 20251222154406.0
008 251222s9999||||xx |||||||||||||| ||spa||
082 _a869.15/Y28
100 _a"Yáñez Delgadillo, Agustín"
245 0 _aLas tierras flacas
942 _cLIB
999 _c35501
_d35501